000 00843nam a2200301Ia 4500
001 67014
003 IT-RoPAU
008 130308s9999 xx 000 0 und d
040 _aIT-RoPAU
040 _cIT-RoPAU
041 _aITALIANO
100 _aVerdone Mario
100 _gCodice Aut. SPICS: 86
245 _aArte di Renè Clair (L')
245 _bSilenzio è d'oro (Il)-Sceneggiatura
250 _a1a ed.
260 _aROMA
260 _bBianco E Nero
260 _c1951 [1° Ed.:1951 - Ed.Ling.Originale:1951]
300 _a"26 p. (prefazione: no ; testo: 26 [pagine: 5-30])"
500 _a"Introduzione Alla scenografia del Film di Rene' clair ""Il Silenzio è D'Oro"""
650 _aAUTORI/OPERE DEL CINEMA
650 _eCodice materia Spics: 6807
942 _cBK
957 _71
999 _c52454
_d52454
999 _bSI
999 _g1